000 00564nam a2200157 4500
001 116559
003 ES-MaACL
005 20230906190728.0
007 t|
008 061121s1914 sp r ||||1| spa d
245 0 0 _aPartición de herencias entre los musulmanes del rito malequí /
_ccon transcripción anotada de dos manuscritos aljamiados por José A. Sánchez Pérez.
260 _aMadrid :
_b[s.n.],
_c1914 (
_fImprenta Ibérica)
300 _aXV, 312 p. 4 gráf. ;
_c23 cm.
700 1 _aSánchez Pérez, José Augusto.
_9102843
852 _aES-MaACL
_jB-5062
999 _c116559
_d116559